|
|
|
|
| LEADER |
00000cam a2200000 a 4500 |
| 001 |
1/8358 |
| 008 |
961025m19891991gr | ||| |||| ||gre|| |
| 020 |
|
|
|a 9602230053
|q (σετ)
|
| 020 |
|
|
|a 9602230061
|q (τ. 1)
|
| 020 |
|
|
|a 960223007X
|q (τ. 2)
|
| 020 |
|
|
|a 960223007Χ
|q (τ. 3)
|
| 035 |
|
|
|l 10017065
|
| 035 |
|
|
|a 1989
|b 2
|c Δωρεά
|l 10033822
|
| 035 |
|
|
|a 1990
|b 1
|c Δωρεά
|
| 035 |
|
|
|l 10017066
|
| 035 |
|
|
|l 10017067
|
| 040 |
|
|
|a GR-MyUa
|b gre
|e AACR2
|
| 041 |
0 |
|
|a gre
|
| 082 |
7 |
|
|a 370.949509
|2 (22)
|
| 100 |
1 |
|
|a Σολδάτος, Χρίστος Σ.
|
| 245 |
1 |
2 |
|a Η εκπαιδευτική και πνευματική κίνηση του ελληνισμού της Μ. Ασίας :
|b (1800-1922) /
|c Χρίστος Σπ. Σολδάτος.
|
| 260 |
|
|
|a Αθήνα :
|b [χ.ό.],
|c 1989.
|
| 300 |
|
|
|a 3 τ. :
|b χαρτ. ;
|c 24 εκ.
|
| 505 |
8 |
|
|a Τ. 1. Η γέννηση και η εξέλιξη των σχολείων -- τ. 2. Η οργάνωση και η λειτουργία των σχολείων -- τ. 3. Η εξάρτηση και η δραστηριότητα των σχολείων.
|
| 650 |
|
0 |
|a Greeks
|x Education
|z Turkey
|x History
|y 19th century.
|
| 650 |
|
0 |
|a Greeks
|x Education
|z Turkey
|x History
|y 20th century.
|
| 852 |
|
|
|a INST
|b LESVOS
|e 20220407
|h 370.949509 ΣΟΛ
|p 005100009133
|q 005100009133
|t BK
|y 0
|
| 852 |
|
|
|a INST
|b LESVOS
|e 20220616
|h 370.949509 ΣΟΛ
|p 005100009132
|q 005100009132
|t BK
|v τομ.3:
|y 0
|
| 852 |
|
|
|a INST
|b LESVOS
|e 20220407
|h 370.949509 ΣΟΛ
|p 005100009133
|q 005100009133
|t BK
|v τομ.2:
|y 0
|
| 852 |
|
|
|a INST
|b LESVOS
|e 19961025
|h 370.949509 ΣΟΛ
|p 005100009134
|q 005100009134
|t BK
|v τομ.1:
|y 0
|z v.1
|
| 852 |
|
|
|a INST
|b RHODES
|e 20200511
|h 370.949509 ΣΟΛ
|p 005400010281
|q 005400010281
|t BK
|v τομ.1:
|y 0
|
| 852 |
|
|
|a INST
|b RHODES
|e 20200511
|h 370.949509 ΣΟΛ
|p 005400010413
|q 005400010413
|t BK
|v τομ.1:
|y 0
|
| 852 |
|
|
|a INST
|b RHODES
|e 20200511
|h 370.949509 ΣΟΛ
|p 005400010414
|q 005400010414
|t BK
|v τομ.2:
|y 0
|
| 853 |
|
|
|a INST
|b LESVOS
|h 370.949509 ΣΟΛ
|
| 853 |
|
|
|a INST
|b RHODES
|h 370.949509 ΣΟΛ
|
| 970 |
|
|
|z 1996/10
|